000 00408nam a2200133 a 4500
001 000038647
005 20201002031325.0
008 130417s2013 dr 000 0 spa d
040 _aDO-SdBNP
_bspa
_cBNPHU
100 1 _aDíaz, Fredy Alberto
_964979
245 1 3 _aEl ñeko y su sinfonía de fuego :
_brelato /
_cFreddy Alberto Díaz.
260 _aSanto Domingo :
_bCandelario,
_c2013.
300 _a66 p. ;
_c22 cm.
999 _c38137
_d38137